[Event "SVK ECo-C Extraliga 2018-19"]
[Site "Slovakia"]
[Date "2018.11.10"]
[Round "1"]
[White "Nayhebaver, Martin"]
[Black "Sepesi, Samuel"]
[Result "1-0"]
[WhiteElo "2462"]
[BlackElo "2205"]
[Annotator "TA"]
[PlyCount "75"]
[EventDate "2018.11.10"]
[EventType "team-tourn"]
[EventCountry "SVK"]
[SourceTitle "playchess.com"]
[Source "ChessBase"]
[SourceQuality "1"]
[WhiteTeam "Zilina"]
[BlackTeam "Snina"]

{[%evp 18,75,37,15,12,0,0,0,39,44,76,82,96,22,93,41,28,31,33,28,16,0,13,0,0,0,22,31,27,27,39,0,0,0,0,0,45,0,0,-1,34,33,36,36,40,40,34,43,216,55,48,54,497,506,504,478,495,480,473,473]} 1. e4 c5 2. Nf3 Nc6 3. d4 cxd4 4. Nxd4 g6 5. c4 Nf6 6. Nc3 d6 7. Nc2 Bg7 8. Be2 O-O 9. O-O Be6 10. Bg5 {LiveBook: 15 Games} Nd7 {B37: Sicilian: Maroczy Bind with 5...Bg7, sidelines} (10... Qa5 11. Bd2 Rfc8 12. Re1 a6 13. Rc1 Qd8 14. Bf1 Nd7 15. Ne3 Nce5 16. b3 Nc5 17. Qc2 b5 18. cxb5 axb5 {0-1 (27) Pashikian,A (2532)-Nalbandian,T (2523) Yerevan 2007}) 11. Qd2 Qa5 12. Bh6 Bxh6 {The position is equal.} (12... Bxc3 $5 13. bxc3 Rfc8 $11) 13. Qxh6 Nde5 $146 ({Predecessor:} 13... Nce5 14. Ne3 Nb6 15. Ned5 Bxd5 16. exd5 Nexc4 17. Ne4 f6 18. Rfd1 {0-1 (38) Clarke,T (2205)-Weemaes,R (2325) Thessaloniki 1988}) 14. Nd5 Rac8 15. Kh1 (15. b4 $16 Qa4 16. Qd2) 15... b5 (15... Bxd5 $11 16. exd5 Nb8) 16. cxb5 ({White should try} 16. b4 $16 Qa4 17. Qd2) 16... Bxd5 $1 $14 17. exd5 Nb4 18. Nxb4 Qxb4 19. Qe3 Rc2 20. b3 Rfc8 $1 {[%cal Rc8c3]} 21. Rac1 Qc5 22. Rxc2 Qxc2 23. Bd1 Qc5 ({Of course not} 23... Qxa2 24. f4 $16) 24. Qxc5 (24. a4 {looks sharper.} Qxe3 25. fxe3 Rc5 26. e4 Rc1 27. a5) 24... Rxc5 {[%mdl 4096] Endgame KRB-KRN} 25. f4 Nd3 26. Be2 Rxd5 27. Kg1 Nb4 28. a3 {[%cal Ba2a3,Ba3a4,Ba4a5,Ba5b6,Bb6b7][%mdl 32]} Nc2 29. a4 $1 Rd2 30. Rf2 Ne3 31. Bf3 Rd3 32. Rb2 Rc3 $2 {[#]} (32... Nf5 $14) 33. Kf2 $2 (33. a5 $1 $18) 33... Nc2 $1 34. a5 {Hoping for b6.} Nd4 $2 {[%mdl 8192]} ({Black should play} 34... Nb4 $1 $14 35. Rb1 d5) 35. b6 $18 {White is clearly winning.} axb6 36. axb6 {b7 is the strong threat.} Rc5 37. b7 Rb5 38. Ra2 {Precision: White = 39%, Black = 45%.} 1-0

[Event "SVK ECo-C Extraliga 2018-19"]
[Site "Slovakia"]
[Date "2018.11.10"]
[Round "1"]
[White "Pacher, Milan"]
[Black "Aczel, Gergely"]
[Result "0-1"]
[WhiteElo "2453"]
[BlackElo "2549"]
[Annotator "ChessBase"]
[PlyCount "108"]
[EventDate "2018.11.10"]
[EventType "team-tourn"]
[EventCountry "SVK"]
[SourceTitle "playchess.com"]
[Source "ChessBase"]
[SourceQuality "1"]
[WhiteTeam "Slovan"]
[BlackTeam "Podhajska"]
[TimeControl "40/5400+30:1800+30"]

1. e4 {[%emt 0:00:00]} c5 {[%emt 0:00:00]} 2. Nf3 {[%emt 0:00:00]} d6 {[%emt 0:00:00]} 3. d4 {[%emt 0:00:59]} cxd4 {[%emt 0:00:00]} 4. Nxd4 {[%emt 0:00:05]} Nf6 {[%emt 0:00:00]} 5. Nc3 {[%emt 0:00:03]} a6 {[%emt 0:00:00]} 6. Be3 {[%emt 0:00:52]} e5 {[%emt 0:00:03]} 7. Nf3 {[%emt 0:00:27]} Qc7 {[%emt 0:00:14]} 8. a4 {[%emt 0:00:14]} Be7 {[%emt 0:04:38]} 9. Be2 {[%emt 0:00:53]} b6 {[%emt 0:07:28]} 10. O-O {[%emt 0:00:51]} O-O {[%emt 0:00:26]} 11. Nd2 {[%emt 0:02:41]} Be6 {[%emt 0:18:59]} 12. Bf3 {[%emt 0:01:26]} Nc6 {[%emt 0:16:06]} 13. Nd5 {[%emt 0:05:54]} Bxd5 {[%emt 0:00:11]} 14. exd5 {[%emt 0:00:03]} Nb4 {[%emt 0:02:13]} 15. c4 {[%emt 0:00:35]} a5 {[%emt 0:05:08]} 16. b3 {[%emt 0:01:30]} Nd7 {[%emt 0:00:22]} 17. Ne4 {[%emt 0:01:33]} Qd8 {[%emt 0:01:51]} 18. g4 {[%emt 0:12:35]} Na6 {[%emt 0:00:54]} 19. Ng3 {[%emt 0:02:31]} Nac5 {[%emt 0:04:28]} 20. Bg2 {[%emt 0:02:53]} Re8 {[%emt 0:08:29]} 21. Ra2 {[%emt 0:03:41]} Nf8 {[%emt 0:01:17]} 22. f4 {[%emt 0:03:47]} exf4 {[%emt 0:01:54]} 23. Bxf4 {[%emt 0:00:37]} Ng6 {[%emt 0:01:23]} 24. Bc1 {[%emt 0:02:01]} Bg5 {[%emt 0:03:04]} 25. Nf5 {[%emt 0:03:21]} Bxc1 {[%emt 0:07:10]} 26. Qxc1 {[%emt 0:00:03]} Nh4 {[%emt 0:00:15]} 27. Nd4 {[%emt 0:08:07]} Qe7 {[%emt 0:00:03]} 28. Re2 {[%emt 0:01:46]} Qd7 {[%emt 0:00:02]} 29. Rxe8+ {[%emt 0:04:01]} Rxe8 {[%emt 0:00:02]} 30. Qg5 {[%emt 0:02:25]} Nxg2 {[%emt 0:02:22]} 31. Kxg2 {[%emt 0:00:12]} h6 {[%emt 0:00:14]} 32. Qf5 {[%emt 0:00:45]} Qe7 {[%emt 0:02:10]} 33. h3 {[%emt 0:04:40]} f6 {[%emt 0:04:41]} 34. Qg6 {[%emt 0:08:57]} Qe4+ {[%emt 0:00:09]} 35. Qxe4 {[%emt 0:00:04]} Rxe4 {[%emt 0:00:03]} 36. Nf5 {[%emt 0:00:18]} Re2+ {[%emt 0:00:58]} 37. Rf2 {[%emt 0:07:45]} Rxf2+ {[%emt 0:00:33]} 38. Kxf2 {[%emt 0:00:02]} Nxb3 {[%emt 0:00:07]} 39. Nxd6 {[%emt 0:00:12]} Nc5 {[%emt 0:00:07]} 40. Nc8 {[%emt 0:01:15]} Nxa4 {[%emt 0:01:25]} 41. d6 {[%emt 0:30:30]} Nc5 {[%emt 0:30:16]} 42. Nxb6 {[%emt 0:00:41]} Kf7 {[%emt 0:00:00]} 43. Ke3 {[%emt 0:00:00]} a4 {[%emt 0:00:00]} 44. Kd2 {[%emt 0:00:00]} Ke6 {[%emt 0:00:00]} 45. d7 {[%emt 0:00:00]} Ke7 {[%emt 0:00:00]} 46. Kc2 {[%emt 0:00:00]} Kd8 {[%emt 0:00:00]} 47. Kb2 {[%emt 0:00:00]} g6 {[%emt 0:00:00]} 48. Nd5 {[%emt 0:00:00]} f5 {[%emt 0:00:00]} 49. gxf5 {[%emt 0:00:00]} gxf5 {[%emt 0:00:00]} 50. Ka3 {[%emt 0:00:00]} Kxd7 {[%emt 0:00:00]} 51. Kb4 {[%emt 0:00:00]} Kd6 {[%emt 0:00:29]} 52. Ne3 {[%emt 0:00:00]} f4 {[%emt 0:05:35]} 53. Nf5+ {[%emt 0:00:00]} Ke5 {[%emt 0:03:25]} 54. Nxh6 {[%emt 0:00:00]} f3 {[%emt 0:00:16]} 0-1

[Event "SVK ECo-C Extraliga 2018-19"]
[Site "Slovakia"]
[Date "2018.11.10"]
[Round "1"]
[White "Kozak, Adam"]
[Black "Matejovic, Juraj"]
[Result "1-0"]
[WhiteElo "2444"]
[BlackElo "2250"]
[Annotator "TA"]
[PlyCount "87"]
[EventDate "2018.11.10"]
[EventType "team-tourn"]
[EventCountry "SVK"]
[SourceTitle "playchess.com"]
[Source "ChessBase"]
[SourceQuality "1"]
[WhiteTeam "Modra"]
[BlackTeam "Dunajov"]

{[%evp 18,87,36,34,23,19,29,26,31,-7,0,-70,0,-69,48,33,45,29,67,68,68,62,85,44,62,48,468,458,500,510,489,497,480,368,556,554,543,539,536,557,557,549,567,565,601,584,557,540,602,513,861,865,904,867,966,917,1252,1237,1353,1331,1566,1522,2356,2321,2102,2149,2289,2293,5777,3323,5669,3255]} 1. Nf3 Nf6 2. g3 g6 3. Bg2 Bg7 4. O-O O-O 5. d4 d6 6. Re1 Nbd7 7. e4 e5 8. Nc3 exd4 9. Nxd4 Re8 10. h3 {LiveBook: 123 Games} Nb6 {B07: Pirc Defence: Miscellaneous Systems} (10... a6 11. Bf4 Ne5 12. Nf3 Nfd7 13. b3 b5 14. Nxe5 Nxe5 15. Qd2 c6 16. Rad1 Qa5 17. Ne2 Qxd2 18. Rxd2 {½-½ (41) Munoz Pantoja,M (2500)-Guseinov,G (2654) Sitges 2018}) 11. a4 a5 12. Ndb5 Bd7 {White has an edge.} 13. Nd4 $146 ({Predecessor:} 13. Qd3 Bc6 14. Be3 Nfd7 15. f4 Qc8 16. Qf1 Ra6 17. Bd4 Bxb5 18. Nxb5 Bxd4+ 19. Nxd4 {1-0 (36) Slipak,S (2439)-Della Morte,G (2363) Villa Martelli 2016}) 13... c6 14. f4 {[#]} ({White should try} 14. Nf3 $11) 14... Qc7 (14... Nfd5 $1 $15 {[%mdl 512]} 15. Nxd5 cxd5) 15. Qd3 {[#]} (15. b3 $11) 15... Rad8 (15... Nfd5 $1 $15 {[%mdl 512]} 16. Nce2 (16. Nxd5 cxd5) 16... Nb4) 16. Be3 $14 Bc8 17. Rad1 Nfd7 18. b3 Nc5 {[%cal Bd7c5,Bc5a6,Ba6b4][%mdl 32]} 19. Qf1 Na6 20. Re2 Nb4 21. Qf2 {Threatens to win with Ndb5.} Nd7 $2 {[%mdl 8192] [#]} (21... Qe7 $1 $14) 22. Ndb5 $1 $18 {[%cal Rb5c7][%mdl 512]} cxb5 23. Nxb5 Qc6 24. Rxd6 Nf6 25. e5 Ne4 {[#]} (25... Rxd6 {might work better.} 26. Bxc6 Rxc6 27. exf6 Bf8) 26. Bxe4 $1 {White is clearly winning.} ({Less strong is} 26. Rxc6 Nxf2 27. Rxc8 Rd1+ 28. Kxf2 Rxc8 $16) 26... Qxe4 27. Bb6 Rxd6 28. Rxe4 Rd1+ 29. Re1 Rxe1+ 30. Qxe1 Bxh3 31. Bxa5 Nc6 32. Nd6 Ra8 33. Bb6 g5 (33... Bf8 $142 34. a5 Bxd6 35. exd6 Bd7) 34. Qe4 gxf4 35. gxf4 Rf8 36. Nxb7 Ne7 37. Bc5 Bf5 38. Qb4 Nd5 39. Qd4 Nc7 40. Bxf8 Ne6 41. Qd2 Bxf8 42. Nd6 Bg4 43. f5 Ng7 44. Qg5 {Precision: White = 61%, Black = 29%.} 1-0

[Event "SVK ECo-C Extraliga 2018-19"]
[Site "Slovakia"]
[Date "2018.11.10"]
[Round "1"]
[White "Varga, Zoltan"]
[Black "Jakab, Bela"]
[Result "1-0"]
[WhiteElo "2444"]
[BlackElo "2290"]
[Annotator "TA"]
[PlyCount "63"]
[EventDate "2018.11.10"]
[EventType "team-tourn"]
[EventCountry "SVK"]
[SourceTitle "playchess.com"]
[Source "ChessBase"]
[SourceQuality "1"]
[WhiteTeam "Streda"]
[BlackTeam "Komarno"]

{[%evp 9,63,4,25,27,22,18,38,36,41,40,41,23,37,38,50,47,43,39,64,48,77,70,84,63,77,50,60,33,92,98,96,97,80,90,272,264,404,399,400,399,393,267,259,243,275,275,288,268,251,249,522,529,505,503,706,699]} 1. e4 e6 2. Qe2 d5 3. exd5 Qxd5 4. Nc3 Qd8 5. g3 (5. Nf3 c5 6. Ne5 Nh6 7. Qf3 Qc7 8. Bb5+ Nd7 9. Nxd7 Bxd7 10. g4 Bxb5 11. Nxb5 Qd7 12. a4 a6 13. Nc3 {½-½ (49) Zvjaginsev,V (2643)-Ulybin,M (2523) Cheliabinsk 2017}) 5... Nf6 6. Bg2 {C00: French: Unusual White 2nd moves} Be7 7. Nf3 O-O 8. d4 {White is slightly better.} Nc6 9. Qd1 Nd5 10. Ne4 $146 ({Predecessor:} 10. O-O Nf6 11. Bf4 a6 12. Re1 b5 13. Ne5 Nxe5 14. Bxa8 {1-0 (30) Avalos,R (1576)-Alawadhi,A (1393) Baku 2016}) 10... b5 11. O-O Rb8 12. c3 a5 13. Re1 Ba6 14. Bf1 Qc8 15. Bg5 f6 16. Bc1 Re8 17. Bh3 {aiming for Neg5!} Nd8 18. Qc2 c5 (18... a4 $14) 19. dxc5 Bxc5 20. Nxc5 Qxc5 21. Bf5 {[%mdl 64] Pin} g6 $2 {[#]} (21... h6 $16) 22. Bxg6 $1 $18 {[%mdl 512]} hxg6 (22... Re7 $142 23. Bh6 Nc6) 23. Qxg6+ {[%mdl 64] Double Attack} Kf8 {[%cal Bg8f8,Bf8e7,Be7d7][%mdl 32] Black hopes to continue with ...Ke7.} 24. Nd4 {White threatens Nf5! and mate.} ({Less strong is} 24. Bh6+ Ke7 $18) 24... Ke7 25. Bh6 Kd7 26. Rad1 $1 Bb7 {[#]} 27. Nf5 $1 Bc6 28. Bf4 $1 e5 {[#] White should prevent ...Kc7.} 29. Qxf6 $1 Qf8 $2 (29... Re6 30. Qg7+ Kc8) 30. Qxf8 {[%mdl 64] Overworked Piece. White is clearly winning.} Rxf8 31. Rxe5 {Threatening mate with Re7+.} Rb7 32. Re7+ {Accuracy: White = 76%, Black = 29%.} 1-0

[Event "SVK ECo-C Extraliga 2018-19"]
[Site "Slovakia"]
[Date "2018.11.10"]
[Round "1"]
[White "Druska, Juraj"]
[Black "Haring, Filip"]
[Result "0-1"]
[WhiteElo "2443"]
[BlackElo "2258"]
[Annotator "TA"]
[PlyCount "88"]
[EventDate "2018.11.10"]
[EventType "team-tourn"]
[EventCountry "SVK"]
[SourceTitle "playchess.com"]
[Source "ChessBase"]
[SourceQuality "1"]
[WhiteTeam "Prakovce"]
[BlackTeam "Liptovska"]

{[%evp 23,88,16,110,96,139,138,129,139,131,140,189,193,201,160,156,153,263,117,119,125,202,194,277,182,323,273,297,268,355,203,226,195,177,56,59,0,0,0,0,0,0,0,0,0,0,0,0,0,0,0,0,0,0,-216,-222,-231,-231,-789,-784,-12831,-1330,-12840,-12840,-12840,-12840,-12842,-12843]} 1. e4 c5 2. Nf3 e6 3. d4 cxd4 4. Nxd4 a6 5. Bd3 Bc5 6. Nb3 Ba7 7. Qg4 Nf6 8. Qg3 Nc6 {B42: Sicilian: Kan Variation: 5 Bd3} 9. Nc3 d6 (9... Nh5 10. Qh3 Nf6 11. Bg5 h6 12. O-O b5 13. Kh1 Bb7 14. f4 Rg8 15. Bxf6 gxf6 16. Qxh6 {1-0 (51) Timofeev,A (2598)-Kamsky,G (2670) Kazan 2016}) 10. Bg5 h6 11. Bd2 Ne5 12. O-O-O g5 {LiveBook: 4 Games} (12... b5 $11) 13. Be2 $1 $16 Ng6 14. Be3 $146 ({Predecessor:} 14. e5 dxe5 15. Bxg5 Qe7 16. Be3 {½-½ (44) Di Nicolantonio,L (2393)-Valles,M (2397) Vaujany 2016}) 14... Bb8 15. f3 b5 16. Qf2 Bd7 17. a3 $1 Bc7 18. g3 Bc6 19. h4 g4 (19... gxh4 $16 20. gxh4 Ne5) 20. h5 (20. fxg4 $18 {has better winning chances.} Ne5 21. Rhf1 Nxe4 22. Nxe4 Bxe4 23. Nc5 $1 {[%mdl 512]}) 20... Ne5 {[#]} 21. f4 $1 {[%cal Rf4e5]} Nc4 (21... Ned7 $16) 22. Bd4 Rg8 (22... Rc8 $142 23. Bxc4 bxc4) 23. Rhe1 Qe7 (23... Nxe4 {might work better.} 24. Nxe4 Bxe4) 24. Bd3 O-O-O {[#]} 25. a4 $1 {[%mdl 512]} Nd7 (25... bxa4 26. Bxc4) 26. Nd2 (26. Qe2 $142) 26... Nxd2 $18 27. Qxd2 {[%cal Ra4b5]} Ba5 28. Qe2 (28. axb5 $18 axb5 29. Qe2) 28... Nc5 $1 $14 29. Bxc5 (29. axb5 $14 Nxd3+ 30. Qxd3 axb5 31. e5) 29... dxc5 $11 30. axb5 Bxc3 31. bxc3 axb5 32. Bxb5 Qa7 $1 {[%cal Ra7a1]} 33. Kb2 Kc7 $1 {aiming for ...Rxd1.} 34. Rxd8 Rxd8 $40 {[%mdl 128] Black attacks.} 35. Ra1 Qb7 36. c4 $1 Rd4 ({Much worse is} 36... Bxe4 $6 37. Qxg4 Bc6 38. Qe2 $16) 37. Ra3 Rxe4 38. Qd2 $2 (38. Qd3 $11 {and White has nothing to worry.} Bxb5 39. cxb5) 38... Rxc4 $19 ({But not} 38... Bxb5 39. cxb5 Rb4+ 40. Kc3 $17) 39. Qa5+ Kc8 40. Rb3 $2 (40. Qa8+ Qxa8 41. Rxa8+ Bxa8 42. Bxc4) 40... Bxb5 {Black is clearly winning.} 41. Rxb5 {[#]} Rb4+ (41... Qxb5+ $142 $1 {[%mdl 512]} 42. Qxb5 Rb4+ 43. Qxb4 cxb4) 42. Rxb4 Qxb4+ 43. Qxb4 cxb4 44. c3 f5 {Precision: White = 54%, Black = 61%.} 0-1

[Event "SVK ECo-C Extraliga 2018-19"]
[Site "Slovakia"]
[Date "2018.11.10"]
[Round "1"]
[White "Likavsky, Tomas"]
[Black "Briestensky, Rastislav"]
[Result "0-1"]
[WhiteElo "2430"]
[BlackElo "2331"]
[Annotator "TA"]
[PlyCount "68"]
[EventDate "2018.11.10"]
[EventType "team-tourn"]
[EventCountry "SVK"]
[SourceTitle "playchess.com"]
[Source "ChessBase"]
[SourceQuality "1"]
[WhiteTeam "Podhajska"]
[BlackTeam "Slovan"]

{[%evp 13,68,0,0,-8,-10,-31,-48,-33,-42,-41,-15,-79,-83,-112,-116,-135,-143,-139,-133,-143,-104,-133,-134,-185,-144,-144,-132,-166,-165,-158,-155,-187,-147,-150,-142,-150,0,-7,-12,0,-6,-40,46,43,44,57,112,0,0,-76,-51,-62,-93,-93,-55,-777,-777]} 1. d4 Nf6 2. c4 e6 3. Nc3 Bb4 4. Qc2 b6 5. a3 Bxc3+ 6. Qxc3 Bb7 7. f3 {E32: Nimzo-Indian: Classical (4 Qc2): 4...0-0} d5 {LiveBook: 19 Games} 8. cxd5 Nxd5 9. Qc4 $146 {The position is equal.} ({Predecessor:} 9. Qd2 f5 10. e3 O-O 11. Bc4 c5 12. Bxd5 Bxd5 13. Nh3 cxd4 14. exd4 Nc6 {0-1 (82) Dreev,A (2668)-Vallejo Pons,F (2706) Khanty-Mansiysk 2013}) 9... f5 $1 10. Nh3 O-O 11. Bg5 Qd7 12. Rc1 {[#]} (12. Bd2 $11 {keeps the balance.}) 12... Nc6 $1 $17 13. Qa4 {[#]} a6 $1 14. g3 h6 $36 {[%mdl 2048] Black is really pushing.} 15. Bd2 b5 16. Qd1 Nxd4 17. Bg2 e5 18. O-O (18. e3 $17 {might work better.} Ne6 19. O-O) 18... Rad8 19. e3 Ne6 20. Qe2 c5 21. Ba5 Rc8 22. Rfd1 Qc6 23. f4 e4 24. Rd2 Nb6 (24... c4 $17 {Threatens to win with ...Nc5.} 25. Rcd1 c3 26. Bxc3 Nxc3 27. bxc3 Qxc3) 25. g4 $1 $11 {[%cal Rg4f5] Black must now prevent gxf5.} Nc4 26. Rxc4 $1 bxc4 27. gxf5 Nc7 (27... Rxf5 $15 28. Qxc4 Kh8) 28. Nf2 $14 Rce8 29. Qxc4+ Kh8 (29... Kh7 $14) 30. Nxe4 (30. Bxe4 $16 Rxe4 31. Qxe4 (31. Nxe4 Nb5 $16)) 30... Qb5 $11 31. Qc3 (31. Qxb5 $1 $11 Nxb5 32. Nxc5 Bxg2 33. Kxg2 Rxf5 34. Bb6) 31... Bxe4 32. Bxe4 Rxe4 33. Bxc7 Rxf5 34. Be5 $2 {[%mdl 8192] [#]} (34. Qc2 $15 Qc4 35. Qxc4 Rxc4 36. Be5) 34... Rexe5 $1 {[%mdl 512] Precision: White = 40%, Black = 67%.} 0-1

[Event "SVK ECo-C Extraliga 2018-19"]
[Site "Slovakia"]
[Date "2018.11.10"]
[Round "1"]
[White "Czebe, Attila"]
[Black "Molnar, Erno"]
[Result "1-0"]
[WhiteElo "2401"]
[BlackElo "2233"]
[Annotator "ChessBase"]
[PlyCount "61"]
[EventDate "2018.11.10"]
[EventType "team-tourn"]
[EventCountry "SVK"]
[SourceTitle "playchess.com"]
[Source "ChessBase"]
[SourceQuality "1"]
[WhiteTeam "Streda"]
[BlackTeam "Komarno"]
[TimeControl "40/5400+30:1800+30"]

1. Nf3 {[%emt 0:00:00]} Nf6 {[%emt 0:00:00]} 2. g3 {[%emt 0:00:00]} g6 {[%emt 0:00:00]} 3. b3 {[%emt 0:00:22]} Bg7 {[%emt 0:04:10]} 4. Bb2 {[%emt 0:00:12]} d5 {[%emt 0:01:17]} 5. Bg2 {[%emt 0:00:08]} O-O {[%emt 0:00:49]} 6. O-O {[%emt 0:00:06]} c6 {[%emt 0:03:58]} 7. d3 {[%emt 0:00:11]} Nbd7 {[%emt 0:03:31]} 8. Nbd2 {[%emt 0:00:43]} Qc7 {[%emt 0:08:34]} 9. e4 {[%emt 0:01:42]} e5 {[%emt 0:07:08]} 10. Re1 {[%emt 0:03:41]} dxe4 {[%emt 0:08:40]} 11. dxe4 {[%emt 0:01:23]} Re8 {[%emt 0:06:57]} 12. Nc4 {[%emt 0:00:36]} Bf8 {[%emt 0:02:15]} 13. a4 {[%emt 0:07:42]} b6 {[%emt 0:03:59]} 14. Qd2 {[%emt 0:06:06]} Ba6 {[%emt 0:04:51]} 15. Ncxe5 {[%emt 0:01:09]} Rxe5 {[%emt 0:16:13]} 16. Nxe5 {[%emt 0:03:04]} Nxe5 {[%emt 0:01:14]} 17. Qf4 {[%emt 0:07:22]} Nfd7 {[%emt 0:00:41]} 18. Rad1 {[%emt 0:04:45]} Bd6 {[%emt 0:04:22]} 19. Qd2 {[%emt 0:01:34]} Be7 {[%emt 0:04:06]} 20. f4 {[%emt 0:23:36]} Bc5+ {[%emt 0:07:00]} 21. Bd4 {[%emt 0:00:17]} Ng4 {[%emt 0:00:59]} 22. h3 {[%emt 0:04:24]} Ngf6 {[%emt 0:03:05]} 23. e5 {[%emt 0:05:50]} Ne8 {[%emt 0:02:53]} 24. e6 {[%emt 0:01:17]} fxe6 {[%emt 0:02:03]} 25. Rxe6 {[%emt 0:00:16]} Bb7 {[%emt 0:01:04]} 26. Qe2 {[%emt 0:05:03]} Ng7 {[%emt 0:02:14]} 27. Bxc5 {[%emt 0:02:53]} Nxc5 {[%emt 0:00:28]} 28. Re7 {[%emt 0:00:05]} Ba6 {[%emt 0:00:24]} 29. Qe1 {[%emt 0:02:22]} Qc8 {[%emt 0:00:28]} 30. b4 {[%emt 0:00:21]} Nxa4 {[%emt 0:00:51]} 31. Rdd7 {[%emt 0:00:29]} 1-0

[Event "SVK ECo-C Extraliga 2018-19"]
[Site "Slovakia"]
[Date "2018.11.10"]
[Round "1"]
[White "Hrabusa, Matej"]
[Black "Leniart, Arkadiusz"]
[Result "1/2-1/2"]
[WhiteElo "2398"]
[BlackElo "2505"]
[Annotator "ChessBase"]
[PlyCount "86"]
[EventDate "2018.11.10"]
[EventType "team-tourn"]
[EventCountry "SVK"]
[SourceTitle "playchess.com"]
[Source "ChessBase"]
[SourceQuality "1"]
[WhiteTeam "Liptovska"]
[BlackTeam "Prakovce"]
[TimeControl "40/5400+30:1800+30"]

1. d4 {[%emt 0:00:00]} d5 {[%emt 0:00:00]} 2. Bf4 {[%emt 0:00:03]} Nf6 {[%emt 0:00:00]} 3. e3 {[%emt 0:00:19]} c5 {[%emt 0:00:41]} 4. c3 {[%emt 0:00:05]} Nc6 {[%emt 0:00:16]} 5. Nd2 {[%emt 0:00:09]} g6 {[%emt 0:04:58]} 6. dxc5 {[%emt 0:05:36]} e5 {[%emt 0:03:20]} 7. Bg3 {[%emt 0:01:55]} Nh5 {[%emt 0:10:31]} 8. Nb3 {[%emt 0:04:57]} Bg7 {[%emt 0:04:21]} 9. Be2 {[%emt 0:04:47]} Nxg3 {[%emt 0:00:09]} 10. hxg3 {[%emt 0:00:11]} Be6 {[%emt 0:00:34]} 11. Nf3 {[%emt 0:04:22]} O-O {[%emt 0:00:26]} 12. Qc2 {[%emt 0:06:56]} a5 {[%emt 0:02:44]} 13. a4 {[%emt 0:00:56]} Qe7 {[%emt 0:00:24]} 14. Rd1 {[%emt 0:02:46]} Rfd8 {[%emt 0:04:11]} 15. O-O {[%emt 0:02:38]} h5 {[%emt 0:06:08]} 16. Rfe1 {[%emt 0:03:49]} Bf6 {[%emt 0:22:57]} 17. Bb5 {[%emt 0:02:25]} Bf5 {[%emt 0:13:26]} 18. Qc1 {[%emt 0:03:16]} Bg4 {[%emt 0:02:54]} 19. c4 {[%emt 0:07:31]} dxc4 {[%emt 0:08:48]} 20. Rxd8+ {[%emt 0:01:55]} Rxd8 {[%emt 0:00:08]} 21. Qxc4 {[%emt 0:01:16]} Be6 {[%emt 0:00:47]} 22. Qc3 {[%emt 0:04:23]} e4 {[%emt 0:02:03]} 23. Nfd4 {[%emt 0:00:13]} Bxb3 {[%emt 0:00:13]} 24. Bxc6 {[%emt 0:01:20]} bxc6 {[%emt 0:00:10]} 25. Qxb3 {[%emt 0:00:06]} Qxc5 {[%emt 0:00:31]} 26. Ne2 {[%emt 0:03:35]} Rd2 {[%emt 0:03:13]} 27. Nc3 {[%emt 0:03:31]} Bxc3 {[%emt 0:01:22]} 28. bxc3 {[%emt 0:01:10]} Kg7 {[%emt 0:00:52]} 29. Rc1 {[%emt 0:01:19]} Qf5 {[%emt 0:00:20]} 30. Rf1 {[%emt 0:00:07]} Qc5 {[%emt 0:00:43]} 31. Rc1 {[%emt 0:00:31]} Qf5 {[%emt 0:00:04]} 32. Rf1 {[%emt 0:00:06]} Qd5 {[%emt 0:00:27]} 33. c4 {[%emt 0:02:14]} Qd3 {[%emt 0:00:19]} 34. Qb6 {[%emt 0:00:35]} Rd1 {[%emt 0:04:25]} 35. Rxd1 {[%emt 0:00:07]} Qxd1+ {[%emt 0:00:05]} 36. Kh2 {[%emt 0:00:04]} Qxa4 {[%emt 0:00:19]} 37. Qd4+ {[%emt 0:00:36]} Kg8 {[%emt 0:00:38]} 38. Qxe4 {[%emt 0:00:30]} c5 {[%emt 0:00:09]} 39. f4 {[%emt 0:00:59]} Qb4 {[%emt 0:00:50]} 40. f5 {[%emt 0:03:56]} gxf5 {[%emt 0:00:23]} 41. Qxf5 {[%emt 0:30:07]} Qxc4 {[%emt 0:31:31]} 42. Qg5+ {[%emt 0:00:07]} Kf8 {[%emt 0:00:05]} 43. Qd8+ {[%emt 0:00:07]} Kg7 {[%emt 0:00:06]} 1/2-1/2

[Event "SVK ECo-C Extraliga 2018-19"]
[Site "Slovakia"]
[Date "2018.11.10"]
[Round "1"]
[White "Rigo, Zsolt"]
[Black "Bulski, Krzysztof"]
[Result "1/2-1/2"]
[WhiteElo "2393"]
[BlackElo "2544"]
[Annotator "TA"]
[PlyCount "34"]
[EventDate "2018.11.10"]
[EventType "team-tourn"]
[EventCountry "SVK"]
[SourceTitle "playchess.com"]
[Source "ChessBase"]
[SourceQuality "1"]
[WhiteTeam "Modra"]
[BlackTeam "Dunajov"]

{[%evp 26,34,-7,-9,4,0,31,0,21,32,28]} 1. e4 e5 2. Nf3 Nc6 3. Bb5 a6 4. Ba4 Nf6 5. d3 d6 6. c3 Be7 7. O-O O-O 8. Re1 b5 9. Bc2 Re8 10. Nbd2 {C84: Spanische Partie (Mittelgambit)} Bf8 11. a4 (11. Nf1 Nb8 12. d4 Nbd7 13. Ng3 Bb7 14. b3 g6 15. a4 Bg7 16. Bd3 d5 17. Bg5 dxe4 18. Bxe4 Bxe4 19. Nxe4 exd4 20. Nxd4 {1-0 (44) Carlsen,M (2840)-Hansen,E (2603) chess.com INT 2017}) 11... Bb7 12. d4 exd4 13. cxd4 Nb4 14. Bb1 {LiveBook: 5 Partien} c5 15. d5 Nd7 16. Ra3 {[#]} Be7 $146 ({Vorgänger:} 16... c4 17. Nd4 {½-½ (71) Dvoirys,S (2568)-Jakovenko,D (2521) Elista 2001}) 17. Nf1 Nb6 1/2-1/2